| 000 | 00672cab a2200205 4500 | ||
|---|---|---|---|
| 001 | ##ABS52918 | ||
| 008 | 090401t1995 xxu||||| |||| 00| 0 eng d | ||
| 035 | _a(Sirsi) u868 | ||
| 041 | 0 | _aeng | |
| 245 | 0 | 0 | _aEast German boom blazes on |
| 260 | _c1995 | ||
| 350 | _a0 | ||
| 490 | 0 |
_aEuro-Build _v(104) 15 May 1995, 16-19(4) |
|
| 520 | _aExamines the construction industry and the property market in Eastern Germany, considering housebuilding, office construction, office rents and yields and future growth. | ||
| 651 | 4 | _aEASTERN GERMANY | |
| 690 | _aBUILT ENVIRONMENT-CONSTRUCTION MARKET | ||
| 690 | _aPROPERTY-PROPERTY MARKET | ||
| 942 | _n0 | ||
| 948 | _c04/03/1997 | ||
| 999 |
_c484 _d484 |
||